000 00290nam a2200109Ia 4500
008 190216s9999||||xx |||||||||||||| ||und||
100 _aArora Sk & Julka P
245 0 _aObjective Arithmetic For All Competitive Examinations
260 _bIims Pub
_c1999
300 _a148p
942 _cREF
999 _c36501
_d36501